Vertragsgestaltung im Auslandsgeschäft <Ein> Leitfaden für die Praxis

Gespeichert in:
Bibliographische Detailangaben
1. Verfasser: Bernstorff, Christoph Graf von
Format: Buch
Sprache:Deutsch
Veröffentlicht: Frankfurt am Main Knapp 1994
Ausgabe:3. überarb. und erw. Aufl.
Schlagworte:
Tags: Tag hinzufügen
Keine Tags, Fügen Sie das erste Tag hinzu!

MARC

LEADER 00000nam a2200000 4500
001 c011406
005 20221205141156.3
020 |a 3-7819-0544-6 
041 0 |a ger 
044 |a DE 
245 1 0 |a Vertragsgestaltung im Auslandsgeschäft  |b <Ein> Leitfaden für die Praxis  |c Christoph Graf von Bernstorff 
250 |a 3. überarb. und erw. Aufl. 
264 1 |a Frankfurt am Main  |b Knapp  |c 1994 
300 |a 334 s. 
610 2 0 |a obchod zahraničný 
610 2 0 |a zmluvy zahraničnoobchodné 
610 2 0 |a dohody obchodné medzinárodné 
610 2 0 |a právo medzinárodné 
610 2 0 |a kooperácia 
610 2 0 |a licencie 
610 2 0 |a lízing 
610 2 0 |a zastupiteľstvá obchodné 
610 2 0 |a joint ventures 
100 1 |a Bernstorff, Christoph Graf von